General Knowledge #13 - Statistics

General Stats
  • This quiz has been taken 44 times
  • The average score is 9 of 15
Answer Stats
Question Answer % Correct
Which continent are the pyramids of Giza located? Africa
97%
The interior angles of a triangle always sum up to what degree? 180
83%
Which country invented fireworks? China
83%
How many U.S. states start with the letter M? 8
80%
Name the deadliest battle of the American civil war Gettysburg
69%
What plant is used to make opium? Poppy
69%
What object was used to write during the Middle Ages? Quill
60%
What is the process by which plants make food called? Photosynthesis
57%
How many cups are in a gallon? 16
54%
What is the process of water turning into vapor called? Evaporation
49%
What is the name of Batman’s butler? Alfred
46%
A metaphor using like or as is what? Simile
46%
How many feet are in 92 yards? 276
43%
What is the state capital of Vermont? Montpelier
34%
Which tool is used to estimate likely genetic outcomes? Punnet square
14%
No matching quizzes found
Score Distribution
Percent of People with Each Score
Percentile by Number Answered
Your Score History
You have not taken this quiz